| 000 | 00550nam a2200193Ia 4500 | ||
|---|---|---|---|
| 003 | GCL | ||
| 008 | 140319s9999 xx 000 0 ara d | ||
| 040 |
_aGCL / _cGCL |
||
| 082 | 0 | 4 |
_a891 _bف ع |
| 100 | 1 | _aفوميكو، هياشى | |
| 245 | 1 | 0 |
_aعناق الايدى : قصص من الادب الاسيوى / _cفوميكو، هياشى |
| 700 | 1 | _aمحمد البخارى | |
| 300 | _a81 ص | ||
| 490 |
_aكتب ثقافية _v0 |
||
| 650 | 0 | 4 | _aالادب |
| 650 | 0 | 4 | _aالقصص |
| 650 | 0 | 4 | _aالادب الاسيوى |
| 942 |
_2ddc _cBK |
||
| 999 |
_c42754 _d42754 |
||